Missing Word: '90s Disney Quiz Stats

 Plays Quiz Updated Dec 26, 2012

Support Sporcle.
Go Orange.
Score 0/20 Timer 04:00
0 Plays Today
Disney Feature Word % Correct
_____ and the BeastBeauty
98%
The Hunchback of Notre _____Dame
96.9%
_____, I Blew Up the KidHoney
96%
James and the _____ PeachGiant
94.8%
I'll Be Home for _____Christmas
93.7%
The _____ TrapParent
92.9%
_____ GadgetInspector
92%
_____ of the JungleGeorge
86.3%
The Santa _____Clause
85.2%
The _____ KingLion
79.8%
Disney Feature Word % Correct
The Muppet Christmas _____Carol
78%
_____ MagooMr.
72.7%
Cool _____Runnings
72.6%
_____ FangWhite
69.9%
Muppet _____ IslandTreasure
68.7%
A Kid in King _____ CourtArthur's
62.9%
Rudyard _____ The Jungle BookKipling's
60%
The _____ Down UnderRescuers
59.6%
The Three _____Musketeers
43.9%
Wild Hearts Can't Be _____ Broken
36.6%

Today's Daily Dose

Missing Word
'80s Musicals

Word Ladder
Hereditary

Get the Picture
Food Names

From the Vault

CBS Shows by Cast Photo

by THEJMAN

The easier your show is to shorten into an acronym, the more likely it airs on CBS.
Remove Ads.
Support Sporcle.
Get the best of Sporcle when you Go Orange. This ad-free experience offers more features, more stats, and more fun while also helping to support Sporcle. Thank you for becoming a member.

Show Comments

Extras

Top Quizzes Today


Score Distribution

Your Account Isn't Verified!

In order to create a playlist on Sporcle, you need to verify the email address you used during registration. Go to your Sporcle Settings to finish the process.

Report this User

Report this user for behavior that violates our Community Guidelines.

Details: